MDQL
is popping MORE tags! Check the
thread
!
Quizzes
Events
Quiz Creation
Community
Videos
Private Events
Remove Ads
Sign In
Join for FREE
Feedback
Dark Mode
Quiz Categories
Sports
Geography
Music
Movies
Television
Just For Fun
Miscellaneous
History
Literature
Language
Science
Gaming
Entertainment
Religion
Holiday
For Kids
Quiz Lab
Recent
Popular Today
Quiz Kudos Today
Editor Picks
Curator Picks
Quizzes by...
Day
Popularity
Type
Ratings
Length
Year
Community
Subscriptions
Recent Discussions
Orange Saloon
Badges
Playlists
Quests
Create
Leaderboards
Showdown
Live 5
Trivia Bingo
Activity
Puzzle Library
Sporcle Events
Private Events
Virtual Trivia
Globe League
Become a Host
Pub Owners
SporcleCon
Opinionation
Our Games
Videos
Blog
Mobile Apps
Partnerships
Remove Ads and Go Orange
Feedback
Gaming
Video Games
Board Games
Card Games
Pokémon
Mario
Nintendo
Minecraft
Console
Toys
Legend of Zelda
Gaming
Video Games
Board Games
Card Games
Pokémon
Mario
Nintendo
Minecraft
Console
Toys
Legend of Zelda
Random Quiz
Search Sporcle
×
Quiz Lab
Quiz Lab
Gaming
Board Games
Type in answers that appear in a list
Type in answers that appear in a list
Classic
Best Score? Go Orange.
Elder Scrolls Games and Expansions Stats
Can you name the Elder Scrolls Games ?
By
Chocolatl
5m
17 Questions
562 Plays
562 Plays
562 Plays
Comments
Comments
Give Quiz Kudos
Give Quiz Kudos
-
- Ratings
hide this ad
Replay
Link that replays current quiz
Next Quiz
Link to next quiz in quiz playlist
You Got
0%
They Got
Avg Score
53%
Avg Friend Score
Upgrade to see
Score Distribution
Jump to the score distribution portion of the page
Score
0/17
Timer
05:00
0
Plays Today
year and ESRB rating
game
% Correct
2002, T
The Elder Scrolls III: Morrowind
96.8%
2006, M
The Elder Scrolls IV: Oblivion
95.7%
2006, E10
The Elder Scrolls IV: Oblivion
95.7%
1994, T
The Elder Scrolls: Arena
91.3%
1996, M
The Elder Scrolls II: Daggerfall
87.9%
2007 (expansion), M
The Elder Scrolls IV: Shivering Isles
76%
2003 (expansion), T
The Elder Scrolls III: Bloodmoon
70.1%
2006 (expansion), M
The Elder Scrolls IV: Knights of the Nine
67.6%
1998, T
The Elder Scrolls Adventure: Redguard
65.7%
year and ESRB rating
game
% Correct
2002 (expansion), T
The Elder Scrolls III: Tribunal
62.8%
1997, M
The Elder Scrolls Adventure: Battlespire
44.1%
2004, T
The Elder Scrolls: Shadowkey
22.6%
2007 reissue, M
The Elder Scrolls IV: Oblivion Game of the Year Edition
14.2%
2003 reissue, T
The Elder Scrolls III: Morrowind Game of the Year Edition
13.9%
2003, T
The Elder Scrolls Travels
4.6%
2006 (reissue), M
The Elder Scrolls IV: Oblivion Collector's Edition
3%
2004 reissue, T
The Elder Scrolls III: Morrowind Collector's Edition
2.8%
Quiz Playlist
Details
Report
Send in Message
Add To Playlist
Classic:
Type in answers that appear in a list
Quiz Source
Last Updated: Feb 16, 2017
Quiz Scoreboard
CHALLENGE
Sign Up to Join the Scoreboard
Show All
Scores
Hide
Comments
May contain spoilers
Recently Published
Find the 'City' Movie
by crazypaving
Movies
60s
5x2 Blitz: Bands
by SL_Kpop136
Music
30s
Colored Red Africa Blitz
by spor1
Geography
30s
More to Explore
Quiz From the Vault
Featured Blog Post
14 Easter Pick-up Lines to Find Eggs With
hide this ad
You Might Also Like...
Tags
Board Games Quiz
Elder
Elder Scrolls
esrb
Expansion
platform
Rating
scroll
Today's Top Quizzes in Gaming
Browse Gaming
hide this ad
Today's Top Quizzes in Board Games
Browse Board Games
Top Contributed Quizzes in Gaming
1
Genshin murder mystery
2
Dead By Daylight Logic Puzzle
3
Destiny 2 exotic weapons by perk icons
4
League of Legends Pro Players by Career/Team History
5
Genshin Impact Logic Puzzle
6
Overwatch 2: Ultimate Ability Icons
7
Genshin Impact Logic Puzzle Quiz II
8
Overwatch Logic Puzzle
9
Who's on the WWE 2K24 Cover?
10
5-to-1: Legend of Zelda
Explore More
Trending Topics
Harry Potter
Kpop
Disney
Marvel
Crossword
Anime
NBA
Song
Puzzle
Soccer
The Office
NFL
Pokémon
Country
WWE
hide this ad
More By:
Chocolatl
Quiz
Plays
Rating
Category
Featured
Created
Elder Scrolls Games and Expansions
562
1.73
Gaming
Nov 20, 2009
Rex Stout's Nero Wolfe books
239
2.50
Literature
Nov 15, 2009
Nero Wolfe characters
220
2.67
Literature
Nov 15, 2009
Neverwinter Nights Henchmen
133
3.50
Gaming
Nov 16, 2009
Buffalo Springfield Songs
101
2.50
Music
Jan 5, 2010
Go to Creator's Profile
Score Distribution
Quiz Creator Spotlight
Chocolatl
Follow
Send a Message
Quizzes Created
-
Created Quiz Play Count
-
More By This Creator
Popular Quizzes Today
1
Colored Red Africa Blitz
2
Find the 'City' Movie
3
Find the US States - No Outlines Minefield
4
5x2 Blitz: Bands
5
The Countries of the World
6
Find the US States
7
Find the Countries of Europe - No Outlines Minefield
8
US States
More Gaming Quizzes
Guess the badly drawn Pokemon!
Curator's Pick
Trending Quizzes
Colored Red Europe Blitz I
Colored Red Europe Blitz II
Colored Red Africa Blitz II
Colored Red Europe Blitz III
Colored Red Africa Blitz III
Recently Updated
How Do You Spell That?
pecheneg
Godzilla Movies
pecheneg
Grab Bag: 4-10 Letters
pecheneg
2024 March Madness Bracket
pecheneg
Famous TV Couples
Peacemaker
Champions League XIs: Real Madrid
pecheneg
Largest US Cities 1790-2010
pecheneg
Rides in Walt Disney World
pecheneg
Most Oscar Losses (Acting)
pecheneg
Beyoncé Albums
pecheneg
Trending Topics
Disney
Anime
Harry Potter
NBA
Kpop
Marvel
Crossword
Puzzle
The Office
Country
Song
Soccer
Pokémon
NFL
WWE
Your Account Isn't Verified!
In order to create a playlist on Sporcle, you need to verify the email address you used during registration. Go to your
Sporcle Settings
to finish the process.
Report this User
Report this user for behavior that violates our
Community Guidelines
.
Details:
Send Report
Go to the Sporcle.com Mobile Site →
Comments